00537cam a22002171 4500001001300000003000400013005001700017008004100034010001700075035002000092040001800112042001200130050001600142100003700158245003000195260001800225300001900243500001500262650002500277999001700302sa 64000604 DLC20260227111957.0881102s1962 xx 000 0 hinr  asa 64000604  a(OCoLC)23548212 aDLCcMiUdDLC apremarc00aPK2077b.T41 aTewari, Ram Chandra,d1910-eed.10aBāraha kahāniyām̐. an. p.,c1962] a160 p.c18 cm. aRomanized. 0aShort stories, Hindi c56343d56343